Normal view
MARC view
- Volkel,Svenja, Franziska Kretzschmar
Entry Personal Name
001 - CONTROL NUMBER
- control field: 6384
003 - CONTROL NUMBER IDENTIFIER
- control field: JO-AjAnu
005 - DATE AND TIME OF LATEST TRANSACTION
- control field: 20230606071332.0
008 - FIXED-LENGTH DATA ELEMENTS
- fixed length control field: 230606|| aca||aabn | a|a d
040 ## - CATALOGING SOURCE
- Original cataloging agency: JO-AjAnu
- Transcribing agency: JO-AjAnu
100 ## - HEADING--PERSONAL NAME
- Personal name: Volkel,Svenja, Franziska Kretzschmar
670 ## - SOURCE DATA FOUND
- Source citation: Work cat.: (JO-AjAnu)3306: Volkel,Svenja, Franziska Kretzschmar, author, INTRODUCING LINGUISTIC RESEARCH